MARC

LEADER 00000nam0a2200000 4500
001 328168
005 20250211063210.0
035 |a (RuTPU)RU\TPU\book\353868 
035 |a RU\TPU\book\353844 
090 |a 328168 
100 |a 20170213d1979 k y0rusy5003 ca 
101 0 |a rus 
102 |a RU 
105 |a a z 001zy 
200 1 |a Электрические машины и преобразователи автономных электросистем  |e тематический сборник  |f Московский энергетический институт (МЭИ) ; под ред. В. Г. Еременко, А. Б. Токарева 
210 |a Москва  |c Изд-во МЭИ  |d 1979 
215 |a 94 с.  |c ил. 
225 1 |a Труды Московского энергетического института (МЭИ)  |v Вып. 425 
320 |a Библиография в конце статей 
500 1 0 |a Труды Московского энергетического института  |9 88841 
606 1 |a Электрические машины  |2 stltpush  |3 (RuTPU)RU\TPU\subj\27074  |9 50877 
606 |a Преобразователи электрического тока  |2 stltpush  |3 (RuTPU)RU\TPU\subj\51367  |9 69962 
610 1 |a автономные электрические системы 
610 1 |a регулирование 
610 1 |a защита 
610 1 |a автономные электростанции 
610 1 |a автономное электроснабжение 
610 1 |a электроприводы 
610 1 |a гироскопические электродвигатели 
610 1 |a полупроводниковые преобразователи 
610 1 |a электромеханические системы 
675 |a 621.313  |v 3 
675 |a 621.314.5  |v 3 
702 1 |a Еременко  |b В. Г.  |4 340 
702 1 |a Токарев  |b А. Б.  |4 340 
712 0 2 |a Московский энергетический институт (МЭИ)  |c (1930-1992)  |3 (RuTPU)RU\TPU\col\20092 
801 0 |a RU  |b 63413507  |c 19950704  |g psbo 
801 1 |a RU  |b 63413507  |c 20070316  |g PSBO 
801 2 |a RU  |b 63413507  |c 20170214  |g PSBO 
942 |c BK